[Event "Reinstorf op"]
[Site "Reinstorf"]
[Date "2022.02.03"]
[Round "6"]
[White "Paashaus, Detlef"]
[Black "Uhlenbrock, Sven"]
[Result "1-0"]
[WhiteElo "2096"]
[BlackElo "1629"]
[PlyCount "49"]
[EventDate "2022.01.29"]
[EventType "swiss"]
[EventRounds "9"]
[EventCountry "GER"]
[SourceTitle "CBM 206 Extra"]
[Source "ChessBase"]
[SourceDate "2022.03.31"]
[SourceVersion "1"]
[SourceVersionDate "2022.03.31"]
[SourceQuality "1"]

1. e4 d6 2. d4 Nf6 3. Nc3 e5 4. Nge2 Be7 5. h3 h5 6. Be3 c6 7. a4 a5 8. Qd2 0-0 9. f3 Na6 10. g4 h4 11. 0-0-0 Be6 12. f4 exf4 13. Nxf4 d5 14. e5 Nh7 15. Bd3 Nc7 16. Bf5 Ng5 17. Qf2 g6 18. Bd3 Nh7 19. Rdf1 Kg7 20. Rhg1 Bg5 21. Qd2 c5 22. Nh5+ Kh8 23. Nf6 Bxe3 24. Qxe3 cxd4 25. Qh6 1-0

[Event "Reinstorf op"]
[Site "Reinstorf"]
[Date "2022.01.30"]
[Round "2"]
[White "Ermitsch, Magnus"]
[Black "Uhlenbrock, Sven"]
[Result "1-0"]
[WhiteElo "2127"]
[BlackElo "1629"]
[PlyCount "51"]
[EventDate "2022.01.29"]
[EventType "swiss"]
[EventRounds "9"]
[EventCountry "GER"]
[SourceTitle "CBM 206 Extra"]
[Source "ChessBase"]
[SourceDate "2022.03.31"]
[SourceVersion "1"]
[SourceVersionDate "2022.03.31"]
[SourceQuality "1"]

1. e4 d6 2. d4 Nf6 3. Nc3 e5 4. Nge2 Be7 5. h3 c6 6. g4 h6 7. Bg2 b5 8. a3 Nbd7 9. Ng3 Nb6 10. 0-0 Qc7 11. b3 g6 12. f4 Nfd7 13. fxe5 dxe5 14. d5 Bb7 15. dxc6 Bc5+ 16. Kh2 Bxc6 17. Nd5 Nxd5 18. exd5 Bb7 19. c4 Qb6 20. b4 Bd4 21. c5 Nxc5 22. bxc5 Qxc5 23. Ne4 Qc7 24. Ra2 Kf8 25. Rc2 Qe7 26. d6 1-0